Statistics for Most Spoken Languages in Europe

Click here to take the quiz!

General Stats

  • This quiz has been taken 57 times
    (34 since last reset)
  • The average score is 13 of 16

Answer Stats

# people who speak itAnswer% Correct
405 millionSpanish
100%
71 millionEnglish
97%
75 millionFrench
97%
155 millionRussian
94%
59 millionItalian
90%
21 millionDutch
87%
95 millionGerman
87%
12 millionGreek
87%
40 millionPolish
87%
8.7 millionSwedish
84%
215 millionPortuguese
81%
24 millionRomanian
77%
63 millionTurkish
71%
10 millionCzech
68%
19 millionSerbo-Croatian
68%
30 millionUkrainian
58%

Score Distribution

Percentile by Number Answered

Percent of People with Each Score

Your Score History

You have not taken this quiz since the last reset